Two new sciences, including centers of gravity & force of percussion

Αποθηκεύτηκε σε:
Λεπτομέρειες βιβλιογραφικής εγγραφής
Κύριος συγγραφέας: Galilei, Galileo, 1564-1642
Άλλοι συγγραφείς: Drake, Stillman (Μεταφραστής)
Μορφή: Βιβλίο
Γλώσσα:English
Italian
Δημοσίευση: Madison : University of Wisconsin Press, 1974
Θέματα:
Ετικέτες: Προσθήκη ετικέτας
Δεν υπάρχουν, Καταχωρήστε ετικέτα πρώτοι!

MARC

LEADER 00000cam a2200000 i 4500
001 1/6504
008 000614s1974 a eng d
020 |a 0299064042 
035 |l 10061955 
040 |a GR-MY-UA  |b gre  |e aacr 
041 1 |a eng  |h ita 
082 0 |a 530 
100 1 |a Galilei, Galileo,   |d 1564-1642. 
240 1 0 |a Discorsi e dimostrazioni matematiche  |l English 
245 1 0 |a Two new sciences, including centers of gravity & force of percussion /  |c Galileo Galilei ; translated, with introduction and notes by Stillman Drake 
260 |a Madison :   |b University of Wisconsin Press,   |c 1974 
300 |a 323 p.  |b fig. 
500 |a Translation of Discorsi e dimostrazioni matematiche 
504 |a Includes index 
650 0 0 |a Mechanics  |v Early works to 1800. 
650 0 0 |a Physics  |v Early works to 1800. 
700 1 |a Drake, Stillman.  |4 trl 
852 |a INST  |b LESVOS  |e 20000614  |h 530 GAL  |p 005100023859  |q 005100023859  |t BK  |y 0 
909 |a Λ  |b 076536 
970 |z 2000/06/ΟΙΚΟΝΟΜΟΠΟΥΛΟΥ ΧΡΙΣΤΙΝΑ